ग्रन्थालय एवम् सूचना विज्ञान अध्य्यन माला : (Record no. 171865)
[ view plain ]
| 000 -LEADER | |
|---|---|
| fixed length control field | 01183nam a22002417a 4500 |
| 005 - DATE AND TIME OF LATEST TRANSACTION | |
| control field | 20200122154204.0 |
| 010 ## - LCCN (DPL NO) | |
| LC control number | B-197874 |
| 020 ## - INTERNATIONAL STANDARD BOOK NUMBER | |
| Terms of availability | 300.00 |
| International Standard Book Number | 817003946 |
| 035 ## - SYSTEM CONTROL NUMBER | |
| System control number | B-197874 |
| 037 ## - SOURCE OF ACQUISITION | |
| Source of stock number/acquisition | Cen Lib/Ret |
| 082 ## - DEWEY DECIMAL CLASSIFICATION NUMBER | |
| Classification number | 020 |
| Item number | लालसी |
| 100 ## - MAIN ENTRY--PERSONAL NAME | |
| Personal name | लाल, सी. |
| 245 ## - TITLE STATEMENT | |
| Title | ग्रन्थालय एवम् सूचना विज्ञान अध्य्यन माला : |
| Remainder of title | एम.लिब. परीक्षाओं हेतु / |
| Statement of responsibility, etc | सी.लाल [एवं] के.कुमार |
| 260 ## - PUBLICATION, DISTRIBUTION, ETC. (IMPRINT) | |
| Place of publication, distribution, etc | नयी दिल्ली: |
| Name of publisher, distributor, etc | एस.एस. पब्लिकेशन, |
| Date of publication, distribution, etc | 2009 |
| 270 ## - ADDRESS | |
| City | नयी दिल्ली |
| Address | 4837/24, अंसारी रोड, दरियागंज |
| Postal code | 110002 |
| 300 ## - PHYSICAL DESCRIPTION | |
| Extent | 156पृ.; |
| Dimensions | 20सेमी(सजिल्द ) |
| 650 ## - SUBJECT ADDED ENTRY--TOPICAL TERM | |
| Topical term or geographic name as entry element | ग्रंथालय विज्ञान |
| General subdivision | |
| Geographic subdivision | |
| 650 ## - SUBJECT ADDED ENTRY--TOPICAL TERM | |
| Topical term or geographic name as entry element | ग्रंथालय विज्ञान -- सूचना विज्ञान |
| 650 ## - SUBJECT ADDED ENTRY--TOPICAL TERM | |
| Topical term or geographic name as entry element | Library Science |
| 650 ## - SUBJECT ADDED ENTRY--TOPICAL TERM | |
| Topical term or geographic name as entry element | Library Science - Information Sciences |
| 700 ## - ADDED ENTRY--PERSONAL NAME | |
| Personal name | कुमार, के |
| 9 (RLIN) | 43844 |
| 942 ## - ADDED ENTRY ELEMENTS (KOHA) | |
| Source of classification or shelving scheme | Dewey Decimal Classification |
| Item type | Hindi Books |
| Classification part | 020 |
| Call number suffix | लालसी |
| Withdrawn status | Lost status | Not for loan | Collection code | Home library | Current library | Date acquired | Cost, normal purchase price | Full call number | Barcode | Cost, replacement price | Koha item type |
|---|---|---|---|---|---|---|---|---|---|---|---|
| Non-fiction | Sarojini Nagar | Sarojini Nagar | 22/01/2020 | 300.00 | 020 लालसी | B-197844 | 300.00 | Hindi Books |
